| Tag |
First Indicator |
Second Indicator |
Subfields |
| LEADER |
00000cam a22000004a 4500 |
| 001 |
in00003398705 |
| 005 |
20190405192001.0 |
| 006 |
m d |
| 007 |
cr |||||||nn|n |
| 008 |
050629s2006 nyu o d eng d |
| 010 |
|
|
|z 2005018667
|
| 020 |
|
|
|a 9780791481653
|
| 020 |
|
|
|a 0791481654
|
| 020 |
|
|
|z 0791467597 (hardcover : alk. paper)
|
| 020 |
|
|
|z 9780791467596
|
| 035 |
|
|
|a (MdBmJHUP)muse9780791481653
|
| 040 |
|
|
|a MdBmJHUP
|c MdBmJHUP
|d UtOrBLW
|
| 050 |
0 |
0 |
|a BS1199.A66
|b B35 2006
|
| 082 |
0 |
0 |
|a 296.1/2083058927
|2 22
|
| 100 |
1 |
|
|a Bakhos, Carol.
|
| 245 |
1 |
0 |
|a Ishmael on the border :
|b rabbinic portrayals of the first Arab /
|c Carol Bakhos.
|
| 264 |
|
1 |
|a Albany :
|b State University of New York Press,
|c [2006]
|
| 264 |
|
4 |
|c ©2006
|
| 300 |
|
|
|a 1 online resource (viii, 207 pages )
|
| 336 |
|
|
|a text
|b txt
|2 rdacontent
|
| 337 |
|
|
|a computer
|b c
|2 rdamedia
|
| 338 |
|
|
|a online resource
|b cr
|2 rdacarrier
|
| 504 |
|
|
|a Includes bibliographical references (pages 183-199) and index.
|
| 505 |
0 |
|
|a Ishmael and Esau : marginalized men of the Bible -- Ishmael in the Bible -- Esau in the Bible -- Ishmael in Tannaitic and Amoraic literature -- The Tannaitic sources -- The Amoraic sources -- The rabbis and their others -- The pairing of Ishmael and Esau in rabbinic literature -- Esau as real other -- Ishmael, the Ishmaelites, and the children of Keturah -- The Arab descendants of Ishmael-- Abraham's descendants and Israel's divine election -- The role of Christianity in the depiction of other -- Ishmael in later Midrashim -- The treatment of Ishmael in Pirke Rabbi Eliezer -- Abraham's visits in Pirke de Rabbi Eliezer -- Abraham's visits in Arabic sources -- Revisiting the visits -- The Ishmaelites in Pirke de Rabbi Eliezer.
|
| 588 |
|
|
|a Description based on print version record.
|
| 500 |
|
|
|a Electronic resource.
|
| 650 |
|
0 |
|a Arabs in the Bible.
|
| 630 |
0 |
0 |
|a Bible.
|p Genesis
|x Criticism, interpretation, etc.
|
| 600 |
0 |
0 |
|a Esau
|c (Biblical figure)
|x In rabbinical literature.
|
| 600 |
0 |
0 |
|a Ishmael
|c (Biblical figure)
|x In rabbinical literature.
|
| 600 |
0 |
0 |
|a Esau
|c (Biblical figure)
|
| 600 |
0 |
0 |
|a Ishmael
|c (Biblical figure)
|
| 655 |
|
7 |
|a Electronic books.
|2 local
|
| 856 |
4 |
0 |
|u http://proxy.library.tamu.edu/login?url=http://muse.jhu.edu/books/9780791481653/
|z Connect to the full text of this electronic book
|t 0
|
| 999 |
|
|
|a MARS
|
| 999 |
f |
f |
|s c67bfc69-699c-33dd-a37c-28784234f012
|i 32148d0c-6ad1-3d2a-a574-4889599033d2
|t 0
|
| 952 |
f |
f |
|a Texas A&M University
|b College Station
|c Electronic Resources
|d Available Online
|t 0
|e BS1199.A66 B35 2006
|h Library of Congress classification
|
| 998 |
f |
f |
|a BS1199.A66 B35 2006
|t 0
|l Available Online
|